| 000 | 00367nam a2200133Ia 4500 | ||
|---|---|---|---|
| 008 | 210430s9999 xx 000 0 und d | ||
| 020 | _a978-1-56990-417-6 | ||
| 082 | _a665.412 K237 I | ||
| 100 |
_aDavid O. Kazmer _954192 |
||
| 245 |
_aInjection Mold Design Engineering / _cDavid O. Kazmer |
||
| 260 |
_aGermanay _bHanser _c2007 |
||
| 300 | _a423p | ||
| 942 |
_cBK _2ddc |
||
| 999 |
_c564673 _d564673 |
||